Ranking FIVB siatkówki mężczyn 2020 - Statystyki

Ogólne statystyki
  • Ten quiz został rozwiązany 423 razy
  • Średni wynik to 19 z 30
Statystyki odpowiedzi
PUNKTY Miejsce Kraj % Poprawnych
384 2 Polska
100%
427 1 Brazylia
99%
291 6 Francja
97%
365 3 USA
97%
288 7 Włochy
94%
317 4 Rosja
93%
155 21 Niemcy
91%
269 9 Japonia
90%
291 5 Argentyna
89%
218 12 Słowenia
83%
136 26 Chiny
82%
248 11 Serbia
82%
279 8 Iran
81%
164 19 Belgia
71%
193 14 Bułgaria
69%
174 15 Australia
68%
212 13 Kuba
68%
136 25 Meksyk
67%
167 18 Egipt
65%
132 29 Turcja
65%
140 22 Ukraina
64%
161 20 Korea Poludniowa
57%
134 27 Chile
38%
137 24 Kamerun
33%
138 23 Katar
26%
134 28 Algieria
22%
132 30 Tajwan
12%
255 10 Kanda
11%
169 16 Holandia (Niderlandy)
7%
168 17 Tuezja
1%
Nie znaleziono quizów pasujących do podanych kryteriów
Rozkład punktacji
Procent ludzi z każdym wynikiem
Percentyl według liczby udzielonych odpowiedzi
Twoja historia wyników
Nie rozwiązałeś tego quizu